Most Influential Figures - Statistics

General Stats
  • This quiz has been taken 84 times
    34 since last reset
  • The average score is 16 of 65
Answer Stats
Years # of appearances Answer % Correct
2016, 2017, 2018, 2019, 2020, 2021, 2025 7 Donald Trump
100%
2005, 2007, 2008, 2009, 2010, 2011, 2012, 2013, 2014, 2015, 2016 11 Barack Obama
90%
2009, 2011, 2013, 2019 4 Michelle Obama
90%
2004, 2008, 2014, 2015, 2016, 2017, 2022 7 Vladimir Putin
90%
2004, 2005, 2006, 2008 4 George W. Bush
84%
2009, 2011, 2012, 2013, 2014, 2015, 2016, 2017, 2018, 2019, 2020, 2021, 2022 13 Xi Jinping
77%
2011, 2013, 2020, 2021, 2022, 2023 6 Joe Biden
74%
2004, 2005, 2006, 2010 4 Bill Clinton
68%
2004, 2006, 2007, 2008, 2009, 2011, 2012, 2014, 2015, 2016 10 Hilary Clinton
68%
2010, 2013, 2018, 2021, 2023, 2025 6 Elon Musk
58%
2006, 2007, 2009, 2011, 2012, 2014, 2015, 2016, 2020 9 Angela Merkel
55%
20th century, 2004, 2005, 2006 4 Bill Gates
55%
2014, 2015, 2017, 2020, 2021 5 Narendra Modi
48%
2010, 2015, 2019 3 Taylor Swift
45%
2011, 2012, 2015, 2019 4 Benjamin Netanyahu
42%
2008, 2009, 2014, 2017, 2018 5 Jeff Bezos
42%
2004, 2005, 2007, 2008, 2010 5 Steve Jobs
42%
2011, 2012, 2013, 2014, 2015, 2016, 2017, 2018 8 Kim Jong Un
39%
2013, 2020, 2021 3 Kamala Harris
35%
2008, 2011, 2016, 2019, 2025 5 Mark Zuckerberg
32%
2005, 2013, 2017, 2019 4 Lebron James
29%
2013, 2014, 2023 3 Beyoncé
26%
2011, 2012, 2023 3 Lionel Messi
26%
2013, 2014, 2015, 2016, 2017, 2019 6 Pope Francis
23%
2007, 2010, 2018, 2019, 2020 5 Nancy Pelosi
19%
2004, 2007, 2012 3 Warren Buffett
19%
2007, 2008, 2009 3 Brad Pitt
16%
20th century, 2004, 2005 3 Nelson Mandela
16%
20th century, 2004, 2005, 2006, 2007, 2008, 2009, 2010, 2011, 2018, 2022 11 Oprah Winfrey
16%
2004, 2010, 2016, 2017 4 Recep Tayyip Erdoğan
16%
2004, 2005, 2008 3 Rupert Murdoch
16%
2010, 2014, 2025 3 Serena Williams
16%
2012, 2015, 2016, 2021, 2022 5 Tim Cook
16%
2004, 2005, 2006, 2007 4 Condoleezza Rice
13%
2004, 2014, 2016 3 John Kerry
13%
2015, 2019, 2023 3 Mitch McConnell
13%
2006, 2007, 2008, 2009 4 George Clooney
10%
2004, 2005, 2011 3 Larry Page
10%
2004, 2009, 2019 3 Tiger Woods
10%
2011, 2012, 2013 3 Catherine, Princess of Wales
6%
2004, 2005, 2007, 2008 4 Hu Jintao
6%
2008, 2015, 2025 3 Lorne Michaels
6%
2012, 2013, 2021 3 Mario Draghi
6%
2020, 2023, 2024 3 Patrick Mahomes
6%
2005, 2006, 2007 3 Pope Benedict XVI
6%
2012, 2016, 2022 3 Adele
3%
2011, 2014, 2015 3 Charles Koch
3%
2011, 2014, 2015 3 David Koch
3%
2009, 2010, 2015, 2017 4 Elizabeth Warren
3%
2006, 2008, 2009, 2011 4 Jamie Dimon
3%
2014, 2015, 2017, 2023 4 Janet Yellen
3%
2004, 2010, 2023 3 Luiz Inácio Lula da Silva
3%
2015, 2018, 2024 3 Satya Nadella
3%
2017, 2021, 2025 3 Simone Biles
3%
2004, 2008, 2011, 2013, 2016 5 Aung San Suu Kyi
0%
2015, 2019, 2023 3 Bob Iger
0%
2009, 2010, 2012, 2016, 2022 5 Christine Lagarde
0%
2004, 2005, 2008 3 Dalai Lama
0%
2006, 2007, 2020 3 John Roberts
0%
2007, 2014, 2018 3 Ma Huateng
0%
2013, 2014, 2015 3 Malala Yousafazi
0%
2006, 2008, 2011 3 Muqtada al-Sadr
0%
2019, 2020, 2021 3 Naomi Osaka
0%
2005, 2013, 2019 3 Ren Zhengfei
0%
2007, 2013, 2021 3 Shonda Rhimes
0%
No matching quizzes found
Score Distribution
Percent of People with Each Score
Percentile by Number Answered
Your Score History
You have not taken this quiz since the last reset